000 00306nam a22001337a 4500
003 SGT
082 _a150
_bT09H
100 _aHERGENHAHN, B.R
245 _aAN INTRODUCTION THE HISTORY OF PSYCHOLOGY
260 _aAUSTRALIA
_bWADS WORTH
_c2009
300 _a728
650 _aPSYCHOLOGY
942 _2ddc
_cBK
999 _c10510
_d10510